| 000 | 01083nam0a22002771 4500 | ||
|---|---|---|---|
| 001 | rc\284510 | ||
| 005 | 20030307120911.6 | ||
| 035 | _a(NLR Aleph) 005514544 | ||
| 090 |
_a5442651 _c5442651 |
||
| 100 | _a20030307d1990 u |0rusy50 ca | ||
| 101 | 0 | _arus | |
| 102 | _aRU | ||
| 105 | _aa ||||||||| | ||
| 200 | 1 |
_aМодули дрейфовых трубок из алюминиевых сплавов размером 3,5х0,5 м² _fЮ.М. Антипов, В.А. Беззубов, Д.С. Денисов |
|
| 210 |
_aп. г. т. Протвино (Моск. обл.) _cИФВЭ _d1990 |
||
| 215 |
_a[1], 11 с. _cил. _d22 |
||
| 225 | 1 |
_aПрепринт _fИн-т физики высок. энергий _vИФВЭ ОНФ 90-21 |
|
| 320 | _aБиблиогр.: с. 11 (8 назв.) | ||
| 700 | 1 |
_aАнтипов _bЮ. М. _gЮрий Михайлович |
|
| 701 | 1 |
_aБеззубов _bВ. А. |
|
| 701 | 1 |
_aДенисов _bД. С. _gДмитрий Сергеевич |
|
| 801 | 0 |
_aRU _bNLR _gpsbo |
|
| 801 | 1 |
_aRU _bELAR _2rusmarc |
|
| 852 |
_aNLR _j90-6/1087 |
||
| 942 | _cBOOK | ||
| 980 | _aNB | ||